Electrical wiring industrial: (Record no. 614)

MARC details
000 -LEADER
fixed length control field 00732nam a22002057a 4500
005 - DATE AND TIME OF LATEST TRANSACTION
control field 20230617034107.0
008 - FIXED-LENGTH DATA ELEMENTS--GENERAL INFORMATION
fixed length control field 230123b |||||||| |||| 00| 0 eng d
020 ## - INTERNATIONAL STANDARD BOOK NUMBER
International Standard Book Number 978-1-337-10192-9
082 ## - DEWEY DECIMAL CLASSIFICATION NUMBER
Classification number 621.31924 H551 2018
100 ## - MAIN ENTRY--PERSONAL NAME
Personal name Herman, Stephen L.
Relator term author
245 ## - TITLE STATEMENT
Title Electrical wiring industrial:
Remainder of title based on the 2017 nationalz electrical code /
Statement of responsibility, etc. Stephen L. Herman
250 ## - EDITION STATEMENT
Edition statement 16th ed.
260 ## - PUBLICATION, DISTRIBUTION, ETC.
Place of publication, distribution, etc. Boston, ML:
Name of publisher, distributor, etc. Cengage Learning,
Date of publication, distribution, etc. c2018.
300 ## - PHYSICAL DESCRIPTION
Extent xi, 382p.;
Other physical details ill.; w/ manual
504 ## - BIBLIOGRAPHY, ETC. NOTE
Bibliography, etc. note Includes bibliographical index
541 ## - IMMEDIATE SOURCE OF ACQUISITION NOTE
Accession number 5455
650 ## - SUBJECT ADDED ENTRY--TOPICAL TERM
Topical term or geographic name entry element Electrical wiring, interior
650 ## - SUBJECT ADDED ENTRY--TOPICAL TERM
Topical term or geographic name entry element Electrical apparatus and appliances - Installation
650 ## - SUBJECT ADDED ENTRY--TOPICAL TERM
Topical term or geographic name entry element Factories - Electrical equipment - Installation
Holdings
Withdrawn status Lost status Source of classification or shelving scheme Damaged status Not for loan Home library Current library Date acquired Total Checkouts Full call number Barcode Date last seen Copy number Price effective from Koha item type
    Dewey Decimal Classification     ctu-moalboal ctu-moalboal 10/15/2018   621.31924 H551 2018 5455 01/23/2023 1 01/23/2023 Books-Reference